000 00769cam a22002174a 4500
999 _c59809
_d59809
001 15882910
005 20230421141445.0
007 co ugu||||||||
008 090824s2010 dcu b 001 0 eng
020 _a9781585622900x
041 _aeng
080 _a616.891+159.954 K-30
100 1 _aKeitner, Gabor I.
_d
_917724
245 1 0 _aClinical manual of couples and family therapy /
_cby Gabor I. Keitner, Alison M. Heru, Ira D. Glick.
264 _aWashington, DC :
_bAmerican Psychiatric Pub.,
_c2010.
300 _a322 p. ;
_c21 cm. +
_e1 DVD (4 3/4 in.)
653 _aკლინიკური თერაპია
700 1 _aHeru, Alison M.,
_d
_eავტორი
_917725
700 1 _aGlick, Ira D.,
_d
_eავტორი
_917726
942 _2udc
_cBK